000 00757nam a2200205Ia 4500
003 GCL
008 140319s9999 xx 000 0 ara d
040 _aGCL /
_cGCL
082 0 4 _a606
_bم ح
100 1 _aانطوان زحلان
245 1 0 _aحيازة القدرة التكنولوجية: دراسة عن المؤسسات الاستشارية ومؤسسات المقاولات /
_cانطوان زحلان
700 1 _aمركز دراسات الوحدة العربية
260 _a[S.N] :
_bمركز دراسات الوحدة العربية ،
_c1990
300 _a298 ص
490 _a
650 0 4 _aالعالم العربى
650 0 4 _aالمؤسسات العامة
650 0 4 _aالتكنولوجيا والدولة
942 _2ddc
_cBK
999 _c35490
_d35490